Perc̕ias judiciais na medicina do trabalho

Detalles Bibliográficos
Autor principal: Buono Neto, Antonio
Otros Autores: Arbex Buono, Elaine
Formato: eBook
Lenguaje:portugués
Publicado: San Pablo: LTR, 2018
Materias:
Acceso en línea:Acceso restringido

MARC

LEADER 00000nam a22000007a 4500
005 20181103005252.0
007 cr|||| ||||
008 181103s2018 br |||||s|||| 00||0 por d
020 |a 978-85-361-9767-8 
035 |a 22362 
040 |a vLex 
090 |c 8288  |d 8288 
100 1 |a Buono Neto, Antonio 
245 1 0 |a Perc̕ias judiciais na medicina do trabalho  |h [Recurso electrn̤ico] /  |c Antonio Buono Neto, Elaine Arbex Buono 
256 |a Servicio en ln̕ea 
260 |a San Pablo:  |b LTR,  |c 2018 
300 |a 1 recurso electrn̤ico 
500 |a A r̀ea de perc̕ias em Medicina do Trabalho, quer em perc̕ias trabalhistas, quer em perc̕ias cv̕eis, ̌uma ferramenta importante para o andamento das relaė̳s de trabalho, sendo fundamental para a correta aplicaȯ̂ da Justiȧ. Este livro est ̀voltado para as r̀eas de Medicina e Seguranȧ do Trabalho, abrangendo aspectos legais, mďicos e ambientais, especf̕icos para a formaȯ̂ de profissionais peritos principalmente aps̤ o Provimento n. 45, em que todo e qualquer processo envolvendo acidente e/ou doenȧ do trabalho ficou a cargo da Justiȧ do Trabalho. Este livro reflete nossa experin̊cia aps̤ cerca de 30 anos atuando na r̀ea de perc̕ias. Iniciamos com a evoluȯ̂ da histr̤ia do direito, Revoluȯ̂ Industrial, surgimento das leis do trabalho, temas estes de suma importńcia para que possamos compreender os problemas que atualmente enfrentamos. Dando sequn̊cia ao livro, seguem as doenȧs do trabalho, toxicologia, NRþs, protocolos periciais, avaliaȯ̂ ambiental, ficha tčnica de avaliaȯ̂ mďica, dentre outros assuntos, os quais poderô servir como refern̊cia bibliogrf̀ica. 
506 1 |a Disponible solo en los productos indicados  |d vLex Global  |d vLex Global (Academic Edition, excluding Law Schools)  |d vLex Global (U.S. Academic Edition, Law Schools)  |d vLex Global (U.S. Academic Edition, excluding Law Schools)  |d vLex Global (Academic Edition, Law Schools) 
650 0 4 |a Prevencin̤ de Riesgos Laborales  |z Brasil 
650 0 4 |a Seguridad y Salud Laboral  |z Brasil 
700 1 |a Arbex Buono, Elaine 
740 0 |a vLex Libros (Servicio en ln̕ea) 
856 4 0 |u http://vlex.com/source/22362  |z Acceso restringido 
942 |c BOOK 
999 0 |a Prevention of Labor Risks 
999 0 |a Occupational Health and Safety